[Event "Women's Speed Chess Q2"]
[Site "chess.com INT"]
[Date "2021.05.29"]
[Round "10"]
[White "Nomin-Erdene, Davaademberel"]
[Black "Vargas, Gabriela"]
[Result "1-0"]
[WhiteTitle "IM"]
[BlackTitle "WIM"]
[WhiteElo "2382"]
[BlackElo "2170"]
[WhiteFideId "4900782"]
[BlackFideId "3700860"]
[EventDate "2021.05.29"]

1. f4 d5 2. Nf3 c6 3. g3 Bg4 4. Bg2 Nd7 5. e3 e5 6. h3 Bxf3 7. Qxf3 Ngf6 8. Nc3
Bd6 9. d3 Qe7 10. Bd2 d4 11. Ne4 Nxe4 12. dxe4 dxe3 13. Bxe3 exf4 14. gxf4 Bc5
15. O-O-O Bxe3+ 16. Qxe3 Qc5 17. Qg3 O-O-O 18. Kb1 Nb6 19. a3 g6 20. e5 Rd4 21.
h4 Rhd8 22. Rxd4 Qxd4 23. Bh3+ Kb8 24. f5 Nc4 25. e6+ Ka8 26. Qc3 Nd2+ 27. Ka1
Qd5 28. Re1 fxe6 29. fxe6 Ne4 30. Qe3 Nf6 31. Rf1 Ne8 32. e7 Rb8 33. Be6 Qd6 34.
Bf7 b6 35. Qe2 Kb7 36. Rd1 Qc7 37. Qe6 Ka6 38. Rd7 Qf4 39. Qxc6 Qf1+ 40. Ka2
Qxf7+ 41. b3 Qf2 42. Qa4# 1-0

[Event "Women's Speed Chess Q2"]
[Site "chess.com INT"]
[Date "2021.05.29"]
[Round "10"]
[White "Zaichenko, Daria"]
[Black "Kanyamarala, Trisha"]
[Result "0-1"]
[WhiteTitle "WFM"]
[BlackTitle "WIM"]
[WhiteElo "2104"]
[BlackElo "2180"]
[WhiteFideId "4197453"]
[BlackFideId "45004722"]
[EventDate "2021.05.29"]

1. e4 c5 2. Nf3 d6 3. d4 cxd4 4. Nxd4 Nf6 5. Nc3 a6 6. Be2 Nc6 7. Be3 e6 8. O-O
Be7 9. Rb1 O-O 10. f4 Qc7 11. Kh1 Rb8 12. f5 Nxd4 13. Bxd4 e5 14. Be3 b5 15. Bg5
Bb7 16. Bxf6 Bxf6 17. Bf3 Rfc8 18. h3 b4 19. Nd5 Bxd5 20. Qxd5 Qxc2 21. Qxd6 Qa4
22. b3 Qxa2 23. Rfd1 Qf2 24. Qxa6 Bg5 25. Qe2 Qg3 26. Qe1 Qf4 27. Bg4 Rd8 28. g3
Qe3 29. Qxe3 Bxe3 30. Kg2 Bd4 31. Rbc1 f6 32. Rc7 Rdc8 33. Rdc1 Bc3 34. Rd7 Ra8
35. Rcd1 Bd4 36. Rb7 Ra2+ 37. Kh1 Rcc2 38. Rb8+ Kf7 39. Rb7+ Ke8 40. Rxd4 exd4 0-1

[Event "Women's Speed Chess Q2"]
[Site "chess.com INT"]
[Date "2021.05.29"]
[Round "10"]
[White "Obregon Garcia, Roxangel"]
[Black "Ovezdurdiyeva, Jemal"]
[Result "1-0"]
[WhiteTitle "WIM"]
[BlackTitle "WFM"]
[WhiteElo "2167"]
[BlackElo "2061"]
[WhiteFideId "3520420"]
[BlackFideId "14001888"]
[EventDate "2021.05.29"]

1. e4 d6 2. d4 Nf6 3. Nc3 g6 4. h3 c6 5. a4 a6 6. g4 Bg7 7. Bg2 e5 8. Nge2 O-O
9. Be3 Nbd7 10. O-O Nb6 11. b3 Nbd7 12. Qd2 h5 13. g5 Ne8 14. Rad1 b5 15. axb5
axb5 16. dxe5 dxe5 17. Bc5 Nc7 18. Bxf8 Bxf8 19. f4 Ne6 20. f5 Nxg5 21. fxg6
fxg6 22. Kh2 Qe7 23. Qe3 b4 24. Nb1 Nc5 25. Nd2 Ba6 26. Nc4 Bxc4 27. bxc4 Ra3
28. Qf2 Ncxe4 29. Qb6 Qe6 30. Rd3 Nc5 31. Rxa3 bxa3 32. Qd8 Nf7 33. Qa5 Qxc4 34.
Ng3 Ne6 35. Qa7 Nf4 36. Rf2 Nxg2 37. Rxg2 h4 38. Nh5 1-0

[Event "Women's Speed Chess Q2"]
[Site "chess.com INT"]
[Date "2021.05.29"]
[Round "10"]
[White "Chu, Ruotong"]
[Black "Eswaran, Ashritha"]
[Result "1-0"]
[WhiteTitle "WIM"]
[BlackTitle "WIM"]
[WhiteElo "2207"]
[BlackElo "2244"]
[WhiteFideId "8605653"]
[BlackFideId "2080788"]
[EventDate "2021.05.29"]

1. d4 Nf6 2. c4 e6 3. g3 c5 4. d5 exd5 5. cxd5 d6 6. Nc3 g6 7. Bg2 Bg7 8. Nf3
O-O 9. O-O Re8 10. Re1 Ne4 11. Nxe4 Rxe4 12. Nd2 Rb4 13. a3 Rb6 14. Nc4 Ra6 15.
Qb3 Nd7 16. Bf4 Qe7 17. a4 Ne5 18. Qe3 f6 19. Nxe5 fxe5 20. Bg5 Qf7 21. a5 Bd7
22. Qb3 Rb8 23. e4 b6 24. Bf1 b5 25. Bd2 h5 26. Qe3 Qf6 27. b4 Rc8 28. Rab1 c4
29. Rbc1 h4 30. Bc3 h3 31. f4 Bh6 32. Qe2 Rf8 33. Rc2 Qe7 34. f5 gxf5 35. Bxh3
f4 36. Bxd7 Qxd7 37. Qh5 Qg7 38. Rg2 f3 39. Rf2 Qg5 40. Qxg5+ Bxg5 41. h4 Bh6
42. Kh2 Rf7 43. Ref1 Kg7 44. Rxf3 Rxf3 45. Rxf3 Kg6 46. Rf5 Bg7 47. g4 Kh6 48.
g5+ Kh5 49. Kg3 Kg6 50. Kg4 Kh7 51. h5 Kg8 52. h6 Bf8 53. Kh5 Be7 54. g6 Bf8 55.
h7+ Kg7 56. Rf7+ 1-0

[Event "Women's Speed Chess Q2"]
[Site "chess.com INT"]
[Date "2021.05.29"]
[Round "10"]
[White "Frattini, Beatriz Maria"]
[Black "Ortez, Andrea"]
[Result "1-0"]
[WhiteTitle "WCM"]
[BlackTitle "WIM"]
[WhiteElo "1854"]
[BlackElo "1969"]
[WhiteFideId "22715002"]
[BlackFideId "6702392"]
[EventDate "2021.05.29"]

1. e4 c5 2. Nf3 Nc6 3. d4 cxd4 4. Nxd4 g6 5. Nc3 Bg7 6. Be3 Nf6 7. Bc4 O-O 8.
Bb3 d6 9. f3 Bd7 10. Qd2 Nxd4 11. Bxd4 b5 12. O-O-O a5 13. Nd5 Nxd5 14. Bxd5 Rc8
15. Bxg7 Kxg7 16. Qd4+ Kg8 17. e5 Qc7 18. Rd2 dxe5 19. Bxf7+ Rxf7 20. Qxd7 Qc4
21. Qd5 e6 22. Qxc4 Rxc4 23. Rd6 Rfc7 24. Rd2 Kf7 25. Re1 Kf6 26. Kb1 b4 27. Re3
a4 28. a3 Rb7 29. axb4 Rcxb4 30. c3 Rb3 31. Ka2 h5 32. Re4 a3 33. bxa3 Rxc3 34.
Rb4 Ra7 35. a4 Kf5 36. Kb2 Rc5 37. Kb3 Rca5 38. Rd8 Kg5 39. Rf8 Kh6 40. Rfb8 Kg5
41. R8b6 Kf6 42. R6b5 R5a6 43. Re4 Rc6 44. Rbxe5 Rca6 45. Rb5 1-0

[Event "Women's Speed Chess Q2"]
[Site "chess.com INT"]
[Date "2021.05.29"]
[Round "10"]
[White "Zhai, Mo"]
[Black "Daulyte-Cornette, Deimante"]
[Result "1-0"]
[WhiteTitle "WGM"]
[BlackTitle "IM"]
[WhiteElo "2366"]
[BlackElo "2387"]
[WhiteFideId "8600201"]
[BlackFideId "12802859"]
[EventDate "2021.05.29"]

1. d4 d6 2. Nf3 Nf6 3. c4 Nbd7 4. Nc3 e5 5. g3 g6 6. Bg2 Bg7 7. O-O O-O 8. e4
Re8 9. Re1 exd4 10. Nxd4 Nc5 11. Nc2 Bg4 12. f3 Bd7 13. Be3 a5 14. b3 Bc6 15.
Rc1 Nfd7 16. Nd4 Ne5 17. Bf1 Bd7 18. h3 h5 19. Ndb5 Nc6 20. Nd5 Ne6 21. Bg2 Nb4
22. Qd2 Na6 23. Nbc3 Nac5 24. Rcd1 c6 25. Nf4 Nxf4 26. Bxf4 Be5 27. Bg5 Qc7 28.
f4 Bg7 29. Re3 Ne6 30. e5 Nxg5 31. fxg5 Qb6 32. Na4 Qa7 33. c5 Bxe5 34. Kh1 d5
35. Nb6 Bf5 36. Nxa8 Qxa8 37. Rde1 Qb8 38. Qe2 Be4 39. Bxe4 1-0

[Event "Women's Speed Chess Q2"]
[Site "chess.com INT"]
[Date "2021.05.29"]
[Round "10"]
[White "Assaubayeva, Bibisara"]
[Black "Atalik, Ekaterina"]
[Result "1-0"]
[WhiteTitle "IM"]
[BlackTitle "IM"]
[WhiteElo "2381"]
[BlackElo "2430"]
[WhiteFideId "13708694"]
[BlackFideId "4130189"]
[EventDate "2021.05.29"]

1. d4 Nf6 2. c4 g6 3. Nc3 d5 4. cxd5 Nxd5 5. e4 Nxc3 6. bxc3 Bg7 7. Nf3 c5 8.
Be3 Qa5 9. Qd2 Nc6 10. Rb1 cxd4 11. cxd4 Qxd2+ 12. Kxd2 O-O 13. Bb5 Na5 14. Rhc1
a6 15. Bd3 b5 16. Rc7 Re8 17. Rbc1 Bg4 18. h3 Bxf3 19. gxf3 e6 20. Ke2 Red8 21.
e5 Bf8 22. f4 Ba3 23. R1c2 Nc4 24. Bxc4 bxc4 25. R2xc4 Rd5 26. Ra4 Bf8 27. Rc6
a5 28. Bd2 Rb8 29. Rc2 Rbb5 30. Ke3 Kg7 31. Rac4 h6 32. Rc8 Bb4 33. Bxb4 Rxb4
34. R2c4 Rb1 35. Ra8 g5 36. fxg5 hxg5 37. Rc5 Re1+ 38. Kd3 Rexe5 39. Raxa5 Rf5
40. Rxd5 exd5 41. Ke3 Kg6 42. Rc5 f6 43. a4 Rf4 44. a5 Rh4 45. a6 Rxh3+ 46. f3
g4 47. Ra5 Rxf3+ 48. Ke2 1-0

[Event "Women's Speed Chess Q2"]
[Site "chess.com INT"]
[Date "2021.05.29"]
[Round "10"]
[White "Vantika, Agrawal"]
[Black "Kulkarni, Bhakti"]
[Result "0-1"]
[WhiteTitle "WIM"]
[BlackTitle "IM"]
[WhiteElo "2286"]
[BlackElo "2391"]
[WhiteFideId "25050389"]
[BlackFideId "5019516"]
[EventDate "2021.05.29"]

1. d4 f5 2. Nf3 Nf6 3. g3 g6 4. Bg2 Bg7 5. O-O O-O 6. b3 e6 7. Bb2 d5 8. c4 c6
9. Nbd2 b6 10. Ne5 Bb7 11. Ndf3 Ne4 12. Nd3 Nd7 13. e3 a5 14. a4 Ba6 15. Rc1 Rc8
16. Ba3 Re8 17. Nfe5 Nxe5 18. dxe5 c5 19. f3 Ng5 20. Qc2 Qc7 21. Rcd1 Rcd8 22.
Rfe1 Bb7 23. Rf1 Bc6 24. Bb2 dxc4 25. bxc4 Qb7 26. Ne1 Rxd1 27. Qxd1 Qd7 28.
Qxd7 Bxd7 29. f4 Ne4 30. Bxe4 fxe4 31. Nc2 Bxa4 32. Na3 Rd8 33. Nb5 Rd2 34. Bc3
Rd3 35. Be1 Bxb5 36. cxb5 a4 37. Bf2 Rb3 38. Ra1 a3 39. Be1 c4 40. Kf2 Bf8 41.
Ke2 Rxb5 42. Bc3 Rb3 43. Kd2 b5 44. Kc2 b4 45. Bd4 Rd3 46. Rf1 b3+ 47. Kb1 Bb4
48. g4 c3 49. f5 c2+ 50. Kc1 gxf5 51. gxf5 exf5 52. e6 Bc3 53. Bxc3 Rxc3 0-1

[Event "Women's Speed Chess Q2"]
[Site "chess.com INT"]
[Date "2021.05.29"]
[Round "10"]
[White "Dauletova, Gulmira"]
[Black "Nandhidhaa, P V"]
[Result "1-0"]
[WhiteTitle "WGM"]
[BlackTitle "WGM"]
[WhiteElo "2285"]
[BlackElo "2365"]
[WhiteFideId "13702971"]
[BlackFideId "5050847"]
[EventDate "2021.05.29"]

1. e4 c5 2. Nf3 Nc6 3. d4 cxd4 4. Nxd4 e6 5. Nc3 Qc7 6. g3 a6 7. Bg2 h5 8. h3
Nf6 9. Be3 Ne5 10. O-O Nc4 11. Bc1 b5 12. e5 Nd5 13. Nxd5 exd5 14. Bxd5 Bb7 15.
Bxb7 Qxb7 16. Re1 Bc5 17. b3 Nb6 18. Bb2 h4 19. g4 O-O 20. Qd2 Nd5 21. Nf5 g6
22. Nxh4 Bb4 23. c3 Be7 24. Ng2 Rac8 25. Rad1 Nb6 26. Nf4 Bg5 27. Qe3 Nd5 28.
Rxd5 Bxf4 29. Qd3 Rc7 30. c4 bxc4 31. Qd1 c3 32. Ba3 c2 33. Qf3 c1=Q 34. Bxc1
Rxc1 35. Rxc1 Bxc1 36. h4 Bh6 37. h5 Bg7 38. g5 Re8 39. hxg6 fxg6 40. Qd3 Rxe5
41. Rxd7 Re1+ 42. Kh2 Rh1+ 43. Kg3 Be5+ 44. Kg4 Qc8 45. Qd5+ Kf8 46. Qf7# 1-0

[Event "Women's Speed Chess Q2"]
[Site "chess.com INT"]
[Date "2021.05.29"]
[Round "10"]
[White "Nguyen, Hong Anh"]
[Black "Bivol, Alina"]
[Result "1-0"]
[WhiteTitle "WIM"]
[BlackTitle "WGM"]
[WhiteElo "1993"]
[BlackElo "2385"]
[WhiteFideId "12406732"]
[BlackFideId "4100123"]
[EventDate "2021.05.29"]

1. d4 Nf6 2. c4 g6 3. Nf3 Bg7 4. g3 c5 5. Bg2 O-O 6. O-O cxd4 7. Nxd4 Nc6 8. e3
d5 9. Nxc6 bxc6 10. Nc3 Be6 11. Qa4 Qb6 12. cxd5 cxd5 13. Rd1 Rfd8 14. Qb5 Rab8
15. Qxb6 Rxb6 16. Rb1 h5 17. b3 Kh7 18. Ba3 Rd7 19. Na4 Rc6 20. Nc5 Rdc7 21.
Nxe6 fxe6 22. Rbc1 Nd7 23. Rxc6 Rxc6 24. Bxe7 Rc2 25. Bh3 Rc6 26. b4 a6 27. a4
Ne5 28. b5 axb5 29. axb5 Rb6 30. Bf1 Nd7 31. Rc1 Rb7 32. Bd6 Rb6 33. Be7 Rb7 34.
Bd8 Be5 35. Rc6 d4 36. exd4 Bxd4 37. Rxe6 Bc5 38. Bc4 Kh6 39. Re8 Bd4 40. h4 Kg7
41. Re7+ Kf8 42. Rh7 Ke8 43. Bg5 Rc7 44. Bf7+ Kf8 45. Bxg6 Rc1+ 46. Bxc1 Ne5 47.
Bxh5 1-0

[Event "Women's Speed Chess Q2"]
[Site "chess.com INT"]
[Date "2021.05.29"]
[Round "10"]
[White "Nguyen, Thi Mai Hung"]
[Black "Gu, Xiaobing"]
[Result "0-1"]
[WhiteTitle "WGM"]
[BlackTitle "WGM"]
[WhiteElo "2254"]
[BlackElo "2263"]
[WhiteFideId "12401676"]
[BlackFideId "8602611"]
[EventDate "2021.05.29"]

1. d4 Nf6 2. Nf3 g6 3. g3 Bg7 4. Bg2 d6 5. O-O O-O 6. a4 Nc6 7. a5 a6 8. Re1 e5
9. e4 Bg4 10. c3 exd4 11. cxd4 Re8 12. Nc3 d5 13. e5 Ne4 14. h3 Bf5 15. Nh4 Qd7
16. Nxf5 gxf5 17. Ne2 f6 18. f3 Ng5 19. h4 Ne6 20. f4 Qe7 21. Be3 Rad8 22. Qd3
Qb4 23. Qc3 Qb5 24. Ra3 Bf8 25. Rb3 Bb4 26. Qc2 Qxa5 27. Rd1 fxe5 28. fxe5 Rf8
29. Rf1 Ne7 30. Bh3 Ng7 31. Bg5 Rde8 32. Bxe7 Rxe7 33. Bxf5 Nxf5 34. Rxf5 Ref7
35. Rxf7 Rxf7 36. Nf4 Bd2 37. Rf3 Bxf4 38. gxf4 Rg7+ 39. Kh2 Qe1 40. Qf2 Qe4 41.
h5 h6 42. Rg3 a5 43. Rxg7+ Kxg7 44. Qg2+ Qxg2+ 45. Kxg2 b5 46. f5 b4 47. Kf2 a4
48. Ke2 a3 49. bxa3 bxa3 50. Kd2 a2 51. Kc2 a1=Q 52. Kb3 Qxd4 0-1

[Event "Women's Speed Chess Q2"]
[Site "chess.com INT"]
[Date "2021.05.29"]
[Round "10"]
[White "Mkrtchian, Lilit"]
[Black "Cyfka, Karina"]
[Result "1/2-1/2"]
[WhiteTitle "IM"]
[BlackTitle "IM"]
[WhiteElo "2388"]
[BlackElo "2415"]
[WhiteFideId "13300601"]
[BlackFideId "1122681"]
[EventDate "2021.05.29"]

1. e4 e5 2. Nf3 Nc6 3. Bb5 a6 4. Ba4 Nf6 5. O-O b5 6. Bb3 Bb7 7. d3 Bc5 8. c3 d6
9. Nbd2 O-O 10. h3 h6 11. Re1 Bb6 12. Nf1 Ne7 13. Ng3 Ng6 14. d4 c5 15. d5 c4
16. Bc2 Bc8 17. Be3 Nh7 18. Qd2 Bxe3 19. Qxe3 Ng5 20. Nxg5 hxg5 21. a4 Bd7 22.
axb5 axb5 23. Ra7 Rxa7 24. Qxa7 Nf4 25. Ra1 g4 26. hxg4 Bxg4 27. Ra6 Qg5 28.
Rxd6 Nd3 29. Qe3 Qxe3 30. fxe3 Nxb2 31. Rb6 Na4 32. Rxb5 Nxc3 33. Rc5 Ra8 34.
Rxc4 Ra1+ 35. Kf2 Ra3 36. Nf5 Kh7 37. Nd6 Kg6 38. Rc7 Bd1 39. Bxd1 Nxd1+ 40. Ke2
Nxe3 41. Nxf7 Kf6 42. Nd8 Nxg2 43. Rf7+ Kg6 44. Rf5 Nf4+ 45. Kd2 Ra2+ 46. Kc3
Nxd5+ 47. Kb3 Ra8 48. Rxe5 Rxd8 49. exd5 Kf6 50. Re6+ Kf5 51. Kc4 g5 52. Kc5 g4
53. Re7 g3 54. Rg7 Kf4 55. d6 Kf3 56. Kc6 g2 57. d7 Rxd7 58. Kxd7 Kf2 59. Rxg2+
Kxg2 1/2-1/2

[Event "Women's Speed Chess Q2"]
[Site "chess.com INT"]
[Date "2021.05.29"]
[Round "10"]
[White "Papp, Petra"]
[Black "Buksa, Nataliya"]
[Result "1/2-1/2"]
[WhiteTitle "WGM"]
[BlackTitle "IM"]
[WhiteElo "2336"]
[BlackElo "2414"]
[WhiteFideId "739049"]
[BlackFideId "14123622"]
[EventDate "2021.05.29"]

1. e4 c5 2. d4 cxd4 3. c3 d3 4. Bxd3 Nc6 5. c4 Qc7 6. Nf3 g6 7. Nc3 Bg7 8. Nd5
Qd8 9. O-O d6 10. Rb1 Bg4 11. h3 Bxf3 12. Qxf3 Ne5 13. Qe2 Nxd3 14. Qxd3 Nf6 15.
Bg5 O-O 16. Nxf6+ Bxf6 17. Bxf6 exf6 18. Rfd1 Rc8 19. b3 Rc6 20. f4 Re8 21. Qd4
Qa5 22. a4 Qc5 23. Kh2 Kg7 24. Rd3 Rb6 25. Kg3 h5 26. Qxc5 dxc5 27. Kf3 Rbe6 28.
Re1 a5 29. Rd7 Rb6 30. Re3 Ree6 31. Red3 Rb4 32. Rc7 Rc6 33. Rxc6 bxc6 34. e5
fxe5 35. fxe5 Kf8 36. Ke4 Ke7 37. g4 hxg4 38. hxg4 Rb8 39. g5 Rh8 40. Rd6 Rc8
41. Kf4 Rc7 42. Ke4 Rc8 43. Kd3 Rc7 44. Ke3 Rc8 45. Rf6 Rc7 46. Ke4 Rc8 47. e6
fxe6 48. Ke5 Rb8 49. Rxg6 Rxb3 50. Rg7+ Kf8 51. Ra7 Rc3 52. Kf6 Rf3+ 53. Kxe6
Rf4 54. Rxa5 Rxc4 55. Kd6 Kg7 56. Rxc5 Rxa4 57. Kxc6 Rg4 58. Kd6 Kg6 59. Ke6
Rxg5 60. Rxg5+ Kxg5 1/2-1/2

[Event "Women's Speed Chess Q2"]
[Site "chess.com INT"]
[Date "2021.05.29"]
[Round "10"]
[White "Belenkaya, Dina"]
[Black "Nikolova, Adriana"]
[Result "0-1"]
[WhiteTitle "WGM"]
[BlackTitle "WGM"]
[WhiteElo "2304"]
[BlackElo "2243"]
[WhiteFideId "24142654"]
[BlackFideId "2908689"]
[EventDate "2021.05.29"]

1. e4 c6 2. d4 d5 3. Nc3 dxe4 4. Nxe4 Nf6 5. Nxf6+ exf6 6. c3 Bd6 7. Bd3 O-O 8.
Qc2 Re8+ 9. Ne2 h6 10. O-O Nd7 11. Bd2 Nf8 12. Rae1 Bg4 13. Ng3 Qd7 14. Nf5 Bc7
15. h3 Bh5 16. c4 Bg6 17. Bc3 Rad8 18. b4 Bb8 19. a4 Qc7 20. g3 Ne6 21. Rd1 Ng5
22. Kg2 Qd7 23. h4 Ne6 24. a5 a6 25. Rfe1 Nf8 26. Re3 Rxe3 27. fxe3 Qc7 28. Qf2
Bh5 29. Re1 Ne6 30. e4 Bg6 31. d5 cxd5 32. exd5 Nf8 33. Ne7+ Kh7 34. Nxg6 fxg6
35. h5 f5 36. hxg6+ Nxg6 37. Bxf5 Qxc4 38. Qc2 Qxd5+ 39. Be4 Qg5 40. Bxg6+ Qxg6
41. Qxg6+ Kxg6 42. Re7 Rd3 43. Rxg7+ Kf5 44. Rxb7 Rxg3+ 45. Kf2 Bf4 46. Bg7 Rb3
47. Ke2 Kg4 48. Rb6 h5 49. Rg6+ Kf5 50. Rf6+ Kg5 51. Rb6 h4 52. Bh6+ Kg4 53.
Bxf4 Kxf4 54. Kd2 h3 55. Kc2 Rg3 56. Rh6 Kg4 57. Rg6+ Kf3 58. Rh6 Kg2 0-1

[Event "Women's Speed Chess Q2"]
[Site "chess.com INT"]
[Date "2021.05.29"]
[Round "10"]
[White "Balabayeva, Xeniya"]
[Black "Nurmanova, Alua"]
[Result "1/2-1/2"]
[WhiteTitle "WFM"]
[BlackTitle "WFM"]
[WhiteElo "2178"]
[BlackElo "2008"]
[WhiteFideId "13719688"]
[BlackFideId "13729390"]
[EventDate "2021.05.29"]

1. e4 c5 2. Nf3 d6 3. Bb5+ Bd7 4. Bxd7+ Nxd7 5. O-O Ngf6 6. Re1 e6 7. c3 Be7 8.
d4 O-O 9. h3 Rc8 10. Bg5 h6 11. Bxf6 Bxf6 12. Qd2 Qc7 13. Na3 a6 14. Rac1 b5 15.
Nc2 Rfd8 16. Ne3 Be7 17. d5 Ne5 18. Qe2 Ng6 19. g3 Re8 20. Rcd1 Bf8 21. Qc2 Qd7
22. Kg2 Qb7 23. Re2 exd5 24. Nxd5 Re6 25. Rde1 Rce8 26. Qd2 f6 27. b3 c4 28.
bxc4 bxc4 29. Qd4 f5 30. Qxc4 Kh7 31. Re3 fxe4 32. Rxe4 Rxe4 33. Rxe4 Rc8 34.
Qd4 Rc5 35. c4 Qb1 36. Rg4 Qf5 37. Ne3 Qf7 38. Qd3 h5 39. Ng5+ Rxg5 40. Rxg5 Kh6
41. h4 Qb7+ 42. Kh2 Ne5 43. Qf5 Nf3+ 44. Kh3 Ng1+ 45. Kh2 Nf3+ 46. Kh3 Ng1+ 47.
Kh2 Nf3+ 1/2-1/2

[Event "Women's Speed Chess Q2"]
[Site "chess.com INT"]
[Date "2021.05.29"]
[Round "10"]
[White "Mohota, Nisha"]
[Black "Grigoryan, Meri"]
[Result "1-0"]
[WhiteTitle "IM"]
[BlackTitle "WFM"]
[WhiteElo "2195"]
[BlackElo "2044"]
[WhiteFideId "5004330"]
[BlackFideId "13300571"]
[EventDate "2021.05.29"]

1. b3 d5 2. Bb2 Nf6 3. e3 Bf5 4. f4 c6 5. Nf3 Nbd7 6. Bd3 Ne4 7. O-O h5 8. Be2
h4 9. d3 Nef6 10. Qe1 Ng4 11. Bd1 Qb6 12. Bd4 c5 13. Bc3 h3 14. g3 e6 15. Kh1
Rc8 16. e4 Bg6 17. exd5 Be7 18. dxe6 fxe6 19. Bxg7 Rg8 20. Bc3 Qc6 21. Kg1 Ndf6
22. Nbd2 Nd5 23. Nc4 Nde3 24. Nxe3 Nxe3 25. Qxe3 c4 26. bxc4 Bc5 27. d4 Bb6 28.
c5 Bc7 29. Re1 Kf7 30. Ng5+ Kf6 31. Qxe6+ Qxe6 32. Rxe6+ Kg7 33. d5+ Kh6 34. d6
Bd8 35. Ne4 Kh7 36. Bd4 Bxe4 37. Rxe4 b6 38. cxb6 axb6 39. c3 b5 40. Bc2 Kg6 41.
Re8+ Kf7 42. Rxg8 Kxg8 43. Re1 Ba5 44. Bb3+ Kf8 45. Re5 Rd8 46. Rf5+ Ke8 47.
Rxb5 Bxc3 48. Bxc3 Rxd6 49. Rb8+ Kd7 50. Ba4+ Kc7 51. Rf8 Rb6 52. Ba5 Kb7 53.
Bxb6 Kxb6 54. f5 Ka5 55. f6 Kxa4 56. f7 Ka3 57. Rb8 Kxa2 58. f8=Q Ka1 59. Rb7 1-0

[Event "Women's Speed Chess Q2"]
[Site "chess.com INT"]
[Date "2021.05.29"]
[Round "10"]
[White "Osmak, Iulija"]
[Black "Arpita, Mukherjee"]
[Result "1-0"]
[WhiteTitle "IM"]
[BlackTitle "WIM"]
[WhiteElo "2425"]
[BlackElo "2206"]
[WhiteFideId "14101602"]
[BlackFideId "5056403"]
[EventDate "2021.05.29"]

1. e4 c5 2. b3 e5 3. Bb2 Nc6 4. Bc4 d6 5. Ne2 Nf6 6. Nbc3 g6 7. O-O Bg7 8. f4
exf4 9. Nxf4 O-O 10. d3 Ne5 11. Qc1 a6 12. Ncd5 Nfg4 13. a4 Nxc4 14. bxc4 Ne5
15. a5 Be6 16. Bc3 Bxd5 17. Nxd5 Qh4 18. Qf4 Qxf4 19. Rxf4 Rac8 20. Rb1 Rb8 21.
Rb6 Nc6 22. Nf6+ Kh8 23. Rb3 Nd4 24. Bxd4 cxd4 25. Nd7 Bh6 26. Rf1 Be3+ 27. Kh1
Kg7 28. Nxf8 Kxf8 29. Rfb1 Bd2 30. Rxb7 Rxb7 31. Rxb7 Bxa5 32. Ra7 Bb4 33. Rxa6
Bc5 34. g3 Ke7 35. Kg2 Kf6 36. Kf3 h5 37. Ra8 Ke6 38. h3 Kf6 39. Rb8 Ke6 40. Rb7
Kf6 41. Rb3 Ke6 42. Kf4 Kf6 43. h4 Kg7 44. c3 Kf6 45. cxd4 Bxd4 46. Rb5 Bc5 47.
Ra5 Ke6 48. Ra6 Bd4 49. Rc6 Be5+ 50. Kf3 Bd4 51. Ra6 Bc5 52. Ra2 Kf6 53. Ra5 Ke6
54. Rb5 Bd4 55. Rd5 Bc5 56. d4 Bb4 57. e5 dxe5 58. Rxe5+ Kd6 59. Rb5 Bc3 60. Ke4
Ke6 61. Rb6+ Ke7 62. Rb3 Be1 63. c5 Ba5 64. d5 f5+ 65. Kd4 Kd7 66. Kc4 Be1 67.
d6 Bf2 68. Kd5 1-0

[Event "Women's Speed Chess Q2"]
[Site "chess.com INT"]
[Date "2021.05.29"]
[Round "10"]
[White "Sharma, Isha"]
[Black "Swati, Mohota"]
[Result "1-0"]
[WhiteTitle "WIM"]
[BlackTitle "WFM"]
[WhiteElo "2237"]
[BlackElo "2027"]
[WhiteFideId "35006665"]
[BlackFideId "5006511"]
[EventDate "2021.05.29"]

1. e4 d5 2. exd5 Qxd5 3. Nc3 Qd8 4. d4 Nf6 5. Nf3 Bg4 6. Be2 e6 7. O-O Be7 8. h3
Bh5 9. Bf4 O-O 10. Qd2 Nd5 11. Nxd5 exd5 12. Rfe1 c6 13. c3 Bd6 14. Bg5 f6 15.
Bf4 Qc7 16. Bxd6 Qxd6 17. Nh2 Bf7 18. Bd3 Nd7 19. f4 Rfe8 20. Qf2 Rxe1+ 21. Rxe1
Re8 22. Rxe8+ Bxe8 23. Qe3 Bg6 24. f5 Bf7 25. Nf3 Kf8 26. b4 Qe7 27. Kf2 Qxe3+
28. Kxe3 Ke7 29. g4 Kd6 30. a4 Nb6 31. a5 Nd7 32. Kf4 b6 33. axb6 axb6 34. h4 c5
35. Bb5 Nb8 36. g5 cxb4 37. cxb4 Nc6 38. Bxc6 Kxc6 39. gxf6 gxf6 40. Ne5+ fxe5+
41. dxe5 Kd7 42. Ke3 Kc6 43. Kf4 Kd7 44. Kg5 Ke7 45. Kf4 b5 46. Ke3 Kd7 47. Kd4
Kc6 48. e6 Bh5 49. Ke5 Be8 50. f6 d4 51. Kxd4 Kd6 52. f7 Bxf7 53. exf7 Ke7 54.
Kc5 Kxf7 55. Kxb5 Kg6 56. Kc6 Kh5 57. b5 Kxh4 58. b6 h5 59. b7 Kg3 60. b8=Q+ Kh3
61. Qg8 h4 62. Kd5 Kh2 63. Ke4 h3 64. Kf3 Kh1 65. Qg3 h2 66. Qe1# 1-0

[Event "Women's Speed Chess Q2"]
[Site "chess.com INT"]
[Date "2021.05.29"]
[Round "10"]
[White "Girya, Olga"]
[Black "Shvedova, Alexandra"]
[Result "1-0"]
[WhiteTitle "WGM"]
[BlackTitle "WFM"]
[WhiteElo "2451"]
[BlackElo "1976"]
[WhiteFideId "4195752"]
[BlackFideId "54154782"]
[EventDate "2021.05.29"]

1. d4 d5 2. c4 e6 3. Nf3 Nf6 4. Bg5 Be7 5. e3 O-O 6. Nc3 Nbd7 7. Rc1 a6 8. cxd5
exd5 9. Bd3 c6 10. Qc2 Re8 11. O-O Nf8 12. Ne5 Bd6 13. f4 Ng6 14. Rce1 Qc7 15.
Bxf6 gxf6 16. Nxg6 fxg6 17. Bxg6 hxg6 18. Qxg6+ Kf8 19. Qxf6+ Kg8 20. Rf3 Re7
21. Rg3+ Rg7 22. Rxg7+ Qxg7 23. Qxd6 Bh3 24. Re2 Re8 25. Nd1 Bg4 26. Rd2 Bxd1
27. Rxd1 Rxe3 28. Qd8+ Kh7 29. Qh4+ Kg8 30. Qf2 Re4 31. Rd3 Qe7 32. Rg3+ Kf8 33.
h3 Ke8 34. Rg8+ Kd7 35. Qg3 Qb4 36. Qg7+ Re7 37. Qf6 Qxb2 38. Rg7 Qc1+ 39. Kh2
Rxg7 40. Qxg7+ Kc8 41. Qf8+ Kc7 42. h4 Qd2 43. Qf6 Qxa2 44. h5 Qc2 45. h6 b5 46.
Qg7+ Kb6 47. h7 Qe4 48. h8=Q Qxf4+ 49. Qg3 Qxg3+ 50. Kxg3 b4 51. Qb8+ Ka5 52.
Kf3 Ka4 53. Ke3 a5 54. Qb6 Kb3 55. Qxa5 Kc3 56. g4 Kc4 57. g5 b3 58. Qd2 c5 59.
dxc5 b2 60. Qxb2 d4+ 61. Qxd4+ Kb3 62. c6 Ka2 63. c7 Kb1 64. c8=Q Ka2 65. Qa8+
Kb3 66. Qb7+ Ka3 67. Qda7# 1-0